| Tag |
First Indicator |
Second Indicator |
Subfields |
| LEADER |
00000cam a2200000 a 4500 |
| 001 |
in00001218607 |
| 005 |
20151002092708.0 |
| 008 |
941018s1993 caua bs f000 0 eng d |
| 010 |
|
|
|a gp 95053602
|
| 035 |
|
|
|a (OCoLC)31304283
|
| 035 |
|
|
|9 AGQ4374AM
|
| 040 |
|
|
|a GPO
|c GPO
|d DLC
|d UtOrBLW
|
| 043 |
|
|
|a a-ja---
|
| 074 |
|
|
|a 0208-C-04
|
| 086 |
0 |
|
|a C 55.13/2:NMFS-SWR-028/CORR.
|
| 100 |
1 |
|
|a Sonu, Sunee C.
|
| 245 |
1 |
0 |
|a Japan's squid market /
|c Sunee C. Sonu.
|
| 264 |
|
1 |
|a Long Beach, Calif. :
|b U.S. Dept. of Commerce, National Oceanic and Atmospheric Administration, National Marine Fisheries Service, Southwest Region,
|c [1993]
|
| 300 |
|
|
|a vi, 64 pages :
|b illustrations ;
|c 28 cm.
|
| 336 |
|
|
|a text
|b txt
|2 rdacontent
|
| 337 |
|
|
|a unmediated
|b n
|2 rdamedia
|
| 338 |
|
|
|a volume
|b nc
|2 rdacarrier
|
| 490 |
1 |
|
|a NOAA technical memorandum NMFS-SWR ;
|v 028
|
| 500 |
|
|
|a Shipping list number: 94-0307-P.
|
| 500 |
|
|
|a "September 1993."
|
| 504 |
|
|
|a Includes bibliographical references (pages 45-46).
|
| 650 |
|
0 |
|a Squids
|z Japan
|x Marketing
|x Statistics.
|
| 650 |
|
0 |
|a Squid fisheries
|x Statistics.
|
| 710 |
1 |
|
|a United States.
|b National Marine Fisheries Service.
|b Southwest Region.
|
| 830 |
|
0 |
|a NOAA technical memorandum NMFS-SWR ;
|v 028.
|
| 999 |
|
|
|a MARS
|
| 999 |
f |
f |
|s a019267b-45b8-3d23-bb5f-919f90b5a051
|i 81d7a2fa-fd83-375b-9ad3-e6109ed164a5
|t 0
|
| 952 |
f |
f |
|p normal
|a Texas A&M University
|b College Station
|c Sterling C. Evans Library
|d Evans: US Documents (Annex 5th floor)
|t 0
|e C 55.13/2:NMFS-SWR-028/CORR.
|h Superintendent of Documents classification
|i unmediated -- volume
|m A14823193293
|
| 998 |
f |
f |
|a C 55.13/2:NMFS-SWR-028/CORR.
|t 0
|l Evans: US Documents (Annex 5th floor)
|